Módulos para la capacitación

Bewaard in:
Bibliografische gegevens
Hoofdauteur: Zilbert Soto, Linda
Coauteur: <La> Red
Formaat: Texto
Gepubliceerd in: Quito: Delta
Tags: Voeg label toe
Geen labels, Wees de eerste die dit record labelt!

MARC

LEADER 00000 a a2200000 04500
001 23387
003
040
090 |a 162000  
100 |a Zilbert Soto, Linda  
110 |a <La> Red  
245 |a Módulos para la capacitación  
260 |a Quito:   |b Delta  
300 |a 23 p   |b **no definido**   |b il.   |b map.  
999 |c 8153  |d 8153